000 00668nam a2200265Ia 4500
005 20260121165757.0
008 008 260114s9999 xx 000 0 eng d
020 _a9783319052335
037 _aEBOOK
040 _aCRL
040 _beng
040 _cCRL
041 _2eng
041 _aeng
084 _qCRL
100 _aGiovanni Peccati, Matthias Reitzner
_91055909
245 0 _aStochastic Analysis for Poisson Point Processes
260 _bSpringer
260 _bSpringer
260 _c2016
856 _uhttps://link.springer.com/openurl?genre=book&isbn=978-3-319-05233-5
942 _cEBOOK
999 _c1621637
_d1621637